[Event "FIDE Open 2012"]
[Site "Voronezh (Russia)"]
[Date "2012.06.16"]
[Round "5.11"]
[White "Mokshin, Maksim"]
[Black "Volkov, Sergei"]
[Result "0-1"]
[WhiteElo "1948"]
[BlackElo "2107"]
[Annotator ""]
[Source ""]
[Remark ""]

1.Nf3 Nf6 2.g3 d5 3.Bg2 c6 4.d3 Bf5 5.O-O h6 6.Nbd2 e6 7.Re1
Be7 8.c3 O-O 9.Qc2 Bh7 10.e4 dxe4 11.Nxe4 Nbd7 12.Nfd2 Nd5 13.Nc4
Qc7 14.Ne3 Rfd8 15.Qe2 Bf8 16.d4 N7f6 17.Nxf6+ Nxf6 18.Nc4 Nd5
19.Be4 Bxe4 20.Qxe4 c5 21.dxc5 Nf6 22.Qe2 Qxc5 23.Be3 Qf5 24.Rad1
a6 25.Nb6 Rxd1 26.Rxd1 Re8 27.Kg2 Bc5 28.Qf3 Qxf3+ 29.Kxf3 Bxb6
30.Bxb6 Nd5 31.Bc5 Rc8 32.Bd4 f6 33.Ke4 Kf7 34.Rc1 Rd8 35.Rd1
Rc8 36.a3 g5 37.h3 b5 38.a4 bxa4 39.Ra1 Rb8 40.Rxa4 Rxb2 41.c4
Rb4 42.Rxa6 Rxc4 43.Kd3 Nb4+ 44.Kxc4 Nxa6 45.Bb6 Nb8 46.Kd4 Nc6+
47.Ke3 0-1

[Event "FIDE Open 2012"]
[Site "Voronezh (Russia)"]
[Date "2012.06.16"]
[Round "5.12"]
[White "Zhileykin, Andrey"]
[Black "Purtov, Konstantin"]
[Result "0-1"]
[WhiteElo "1889"]
[BlackElo "2083"]
[Annotator ""]
[Source ""]
[Remark ""]

1.d4 d5 2.c4 Bf5 3.Nc3 e6 4.cxd5 exd5 5.Qb3 Nc6 6.Nf3 Bb4 7.e3
Nge7 8.Be2 O-O 9.O-O Rb8 10.a3 Bd6 11.Nb5 Be4 0-1

[Event "FIDE Open 2012"]
[Site "Voronezh (Russia)"]
[Date "2012.06.16"]
[Round "5.14"]
[White "Artemov, Nikita"]
[Black "Baemov, Ilnur"]
[Result "0-1"]
[WhiteElo "2008"]
[BlackElo "2197"]
[Annotator ""]
[Source ""]
[Remark ""]

1.e4 d6 2.d4 Nf6 3.Nc3 Nbd7 4.Nf3 e5 5.Bc4 Be7 6.O-O O-O 7.h3
c6 8.dxe5 dxe5 9.a3 Qc7 10.Qe2 b5 11.Ba2 Nc5 12.Nh4 g6 13.Qf3
Nh5 14.Be3 Ne6 15.Nf5 gxf5 16.exf5 Neg7 17.Ne4 Bxf5 18.Ng5 Bg6
19.Rad1 Nf4 20.Ne4 Rad8 21.g3 Nd5 22.Bh6 f6 23.Rd2 Qc8 24.Kg2
Kh8 25.Rfd1 Qf5 26.Bxd5 Rxd5 27.Rxd5 cxd5 28.Nc3 Qxf3+ 29.Kxf3
d4 30.Nxb5 Rb8 0-1

[Event "FIDE Open 2012"]
[Site "Voronezh (Russia)"]
[Date "2012.06.17"]
[Round "6.1"]
[White "Skomorohov, Grigorij"]
[Black "Natacheev, Peter"]
[Result "0-1"]
[WhiteElo "2046"]
[BlackElo "2230"]
[Annotator ""]
[Source ""]
[Remark ""]

1.c4 g6 2.Nc3 Bg7 3.g3 d6 4.Bg2 e5 5.d3 Ne7 6.e3 O-O 7.Nge2 c6
8.O-O Be6 9.f4 Qd7 10.Ne4 Bf5 11.Qc2 Na6 12.Nf2 d5 13.e4 dxe4
14.dxe4 Be6 15.Be3 Rad8 16.Rad1 Qc7 17.a3 c5 18.Nd3 Nc6 19.f5
Bc8 20.f6 Bh8 21.Nxc5 Rxd1 22.Qxd1 Nxc5 23.Bxc5 Rd8 24.Qe1 b6
25.Be3 Rd6 26.Nc3 Rxf6 27.Nd5 Rxf1+ 28.Qxf1 Qd8 29.h4 Be6 30.Bg5
Qf8 31.Kh2 h6 32.Bf6 Bxf6 33.Qxf6 Qd8 34.Qxd8+ Nxd8 35.Bh3 Bxd5
36.exd5 Kf8 37.b4 Nb7 38.Bf1 Ke7 0-1

[Event "FIDE Open 2012"]
[Site "Voronezh (Russia)"]
[Date "2012.06.17"]
[Round "6.3"]
[White "Purtov, Konstantin"]
[Black "Khoroshilov, Nikita"]
[Result "1/2-1/2"]
[WhiteElo "2083"]
[BlackElo "2223"]
[Annotator ""]
[Source ""]
[Remark ""]

1.e4 d6 2.d4 Nf6 3.Nc3 g6 4.g3 Bg7 5.Bg2 O-O 6.Nge2 Nc6 7.O-O
e5 8.dxe5 Nxe5 9.f4 Nc4 10.b3 Nb6 11.Be3 Re8 12.Qd3 Bd7 13.Rae1
Qc8 14.Nd4 Bh3 15.Nf3 Bxg2 16.Kxg2 Nbd7 17.Bd4 c6 18.e5 dxe5
19.fxe5 c5 20.exf6 Rxe1 21.Nxe1 cxd4 22.Ne4 Qc6 23.fxg7 Nc5 24.Qxd4
Nxe4 25.Kg1 Qc5 26.Qxc5 Nxc5 27.Nf3 Kxg7 28.Rd1 Rc8 29.c4 Rc7
30.Rd5 Ne6 31.Nd4 1/2-1/2

[Event "FIDE Open 2012"]
[Site "Voronezh (Russia)"]
[Date "2012.06.17"]
[Round "6.4"]
[White "Talipov, Nafis"]
[Black "Aminov, Andrey"]
[Result "0-1"]
[WhiteElo "2160"]
[BlackElo "2112"]
[Annotator ""]
[Source ""]
[Remark ""]

1.d4 Nf6 2.Nc3 d5 3.Bg5 Nbd7 4.Qd3 e6 5.e4 dxe4 6.Nxe4 Be7 7.Nxf6+
Nxf6 8.Nf3 O-O 9.Bxf6 Bxf6 10.c3 b6 11.Qe4 Rb8 12.Bd3 g6 13.h4
Bb7 14.Qe3 c5 15.dxc5 bxc5 16.Rd1 Bxf3 17.Qxf3 Qe7 18.Rd2 Rfd8
19.Qe4 Rxb2 20.Rxb2 Bxc3+ 21.Rd2 Rd4 22.Qa8+ Kg7 23.h5 Rxd3 24.h6+
Kf6 25.O-O Bxd2 26.Qh8+ Kf5 27.Qxh7 Bc3 28.Rc1 Bf6 29.Qg8 Rd8
30.h7 Qf8 31.Qxf8 Rxf8 32.Rxc5+ Be5 33.Ra5 Rh8 34.Rxa7 Rxh7 35.g3
Kf6 36.Ra8 Bd4 37.a4 Kf5 38.Rd8 Be5 39.Rd7 Kf6 40.f4 Bc3 41.Rd8
Ke7 42.Rc8 Bd4+ 43.Kg2 Rh8 44.Rc7+ Kf6 45.Rc4 Rd8 46.a5 Rd7 47.Kf3
Ba7 48.Rc6 Rd3+ 49.Kg2 Ra3 50.a6 g5 51.fxg5+ Kxg5 52.Rc7 Bb8
53.Rxf7 Rxg3+ 54.Kf2 Ra3 55.Rb7 Bd6 56.a7 Rxa7 57.Rb5+ Kf6 58.Kf3 0-1

[Event "FIDE Open 2012"]
[Site "Voronezh (Russia)"]
[Date "2012.06.17"]
[Round "6.6"]
[White "Fadin, Evgeny"]
[Black "Katkov, Vitaly"]
[Result "1/2-1/2"]
[WhiteElo "2122"]
[BlackElo "2066"]
[Annotator ""]
[Source ""]
[Remark ""]

1.e4 e5 2.Nf3 Nf6 3.Nxe5 d6 4.Nf3 Nxe4 5.Qe2 Qe7 6.d3 Nf6 7.Nc3
c6 8.Qxe7+ Bxe7 9.Be2 Bg4 10.Bd2 Nbd7 11.d4 d5 12.O-O Bd6 13.Rfe1
O-O 14.h3 Bxf3 15.Bxf3 Rfe8 16.Rxe8+ Rxe8 17.Re1 Rxe1+ 18.Bxe1
Nf8 19.Bd2 Ne6 20.Ne2 Ne4 21.Be3 f5 22.g3 Kf7 23.Bg2 g6 24.c3
Be7 25.Kf1 Bg5 26.Bxg5 N6xg5 27.Ke1 Ne6 28.h4 Kf6 1/2-1/2

[Event "FIDE Open 2012"]
[Site "Voronezh (Russia)"]
[Date "2012.06.17"]
[Round "6.7"]
[White "Alkaev, Roman"]
[Black "Bezgodova, Svetlana"]
[Result "1-0"]
[WhiteElo "2066"]
[BlackElo "2120"]
[Annotator ""]
[Source ""]
[Remark ""]

1.e4 e5 2.Nf3 Nc6 3.Bc4 Bc5 4.d3 Nf6 5.c3 a6 6.Bb3 Ba7 7.Nbd2
O-O 8.h3 d6 9.Nf1 Be6 10.Ng3 h6 11.O-O d5 12.Qe2 Re8 13.Bc2 Qd7
14.Kh2 b5 15.Rd1 Rad8 16.Nh4 d4 17.a3 Na5 18.Nhf5 dxc3 19.bxc3
Nb3 20.Rb1 Nxc1 21.Rbxc1 Qc6 22.Qf3 Kh7 23.d4 Bc4 24.dxe5 Rxd1
25.Qxd1 Ng8 26.f4 Qc5 27.h4 g6 28.Nd4 Qxa3 29.h5 Rd8 30.hxg6+
fxg6 31.Qe1 Qe7 32.Nf3 g5 33.fxg5 Qf7 34.e6 Bxe6 35.g6+ Qxg6
36.e5 Rd3 37.Rd1 1-0

[Event "FIDE Open 2012"]
[Site "Voronezh (Russia)"]
[Date "2012.06.17"]
[Round "6.8"]
[White "Kalinin, Ivan"]
[Black "Egorenkov, Igor"]
[Result "0-1"]
[WhiteElo "2088"]
[BlackElo "2133"]
[Annotator ""]
[Source ""]
[Remark ""]

1.d4 Nf6 2.c4 e6 3.Nc3 Bb4 4.e3 b6 5.Nge2 Bb7 6.a3 Be7 7.d5 O-O
8.g3 e5 9.Bg2 d6 10.O-O c6 11.e4 Nbd7 12.Bh3 cxd5 13.cxd5 Ne8
14.g4 a6 15.Be3 Bg5 16.Qd2 Bxe3 17.Qxe3 b5 18.b4 Qb6 19.Qd3 Nc7
20.Rfc1 a5 21.Ng3 g6 22.Bf1 axb4 23.axb4 Rxa1 24.Rxa1 Ba6 25.Rc1
Qb7 26.Nb1 Nb6 27.Na3 Nc4 28.Qb3 Rb8 29.Bxc4 bxc4 30.Nxc4 Nb5
31.Qb2 Qd7 32.Na5 Rc8 33.Rc6 Bb7 34.Nxb7 Qxb7 35.Rxc8+ Qxc8 36.Nf1
Qc4 37.Nd2 Qd3 38.Qa2 Nc3 39.Qb2 Ne2+ 0-1

[Event "FIDE Open 2012"]
[Site "Voronezh (Russia)"]
[Date "2012.06.16"]
[Round "6.9"]
[White "Makarkin, Zhan"]
[Black "Orekhov, Nikolai"]
[Result "1-0"]
[WhiteElo "2126"]
[BlackElo "2038"]
[Annotator ""]
[Source ""]
[Remark ""]

1.e4 e6 2.d4 d5 3.e5 c5 4.c3 Qb6 5.Nf3 Nc6 6.a3 c4 7.Nbd2 Na5
8.g3 Bd7 9.Bh3 Ne7 10.O-O Qc7 11.Re1 Nc8 12.Rb1 Nb6 13.Nf1 h6
14.Nh4 O-O-O 15.f4 g6 16.Be3 Be7 17.Nf3 Rdg8 18.Qe2 Kb8 19.Bf2
Ka8 20.Ne3 Qd8 21.Kh1 Qf8 22.Nc2 Qg7 23.Nb4 Qh7 24.Bg1 g5 25.fxg5
hxg5 26.Bg4 Nb3 27.Rf1 Qe4 28.Qxe4 dxe4 29.Ne1 Nd2 30.Rxf7 Bxb4
31.Rd1 Bxc3 32.bxc3 e3 33.Bxe3 Bc6+ 34.Kg1 Ne4 35.Bxe6 Nxc3 36.Rd2
Nbd5 37.Ng2 Ne4 38.Rc2 Nxe3 39.Nxe3 c3 40.Bf5 Nd2 41.Bg4 Rd8
42.Nf5 Nb3 43.Rxc3 Nxd4 44.Rd3 Bd5 45.Rf6 Nc6 46.Re3 Ba2 47.e6
Rde8 48.e7 Bb1 49.Rf7 Bxf5 50.Bxf5 Nb8 51.Rg7 1-0

[Event "FIDE Open 2012"]
[Site "Voronezh (Russia)"]
[Date "2012.06.17"]
[Round "6.9"]
[White "Kubatko, Ivan"]
[Black "Popov, Andrey"]
[Result "0-1"]
[WhiteElo "2229"]
[BlackElo "2094"]
[Annotator ""]
[Source ""]
[Remark ""]

1.e4 c5 2.c3 e6 3.d4 d5 4.exd5 exd5 5.Nf3 Nc6 6.Bd3 Bd6 7.dxc5
Bxc5 8.O-O Nf6 9.Re1+ Be6 10.Nbd2 O-O 11.Nb3 Bd6 12.h3 h6 13.Nbd4
Re8 14.Be3 Qd7 15.Qc2 Rac8 16.a3 Bb8 17.Rad1 Qc7 18.Nb5 Qd7 19.Qc1
Bxh3 20.gxh3 Qxh3 21.Nbd4 Nxd4 22.Nxd4 Bh2+ 23.Kh1 Bf4+ 24.Kg1
Qh2+ 25.Kf1 Qh1+ 26.Ke2 Qg2 0-1

[Event "FIDE Open 2012"]
[Site "Voronezh (Russia)"]
[Date "2012.06.17"]
[Round "6.10"]
[White "Baemov, Ilnur"]
[Black "Zhukov, Viktor"]
[Result "1-0"]
[WhiteElo "2197"]
[BlackElo "2077"]
[Annotator ""]
[Source ""]
[Remark ""]

1.c4 f5 2.g3 Nf6 3.Bg2 g6 4.Nc3 Bg7 5.Nf3 d6 6.O-O O-O 7.d3 e5
8.Bd2 c6 9.b4 e4 10.Ne1 d5 11.cxd5 cxd5 12.d4 Nc6 13.Nc2 Be6
14.Na4 b6 15.b5 Na5 16.Rb1 Nc4 17.Bb4 Rf7 18.Nb2 Rc7 19.Nxc4
Rxc4 20.Na3 Rc7 21.Qd2 1-0

[Event "FIDE Open 2012"]
[Site "Voronezh (Russia)"]
[Date "2012.06.16"]
[Round "6.11"]
[White "Ioffe, Evgeny"]
[Black "Filippov, Ivan"]
[Result "0-1"]
[WhiteElo "2230"]
[BlackElo "2066"]
[Annotator ""]
[Source ""]
[Remark ""]

1.e4 e6 2.d4 d5 3.Nd2 Nf6 4.e5 Nfd7 5.Bd3 c5 6.c3 b6 7.Ne2 Ba6
8.Bc2 Nc6 9.Nf3 Be7 10.Be3 Rc8 11.a3 cxd4 12.cxd4 Na5 13.O-O
O-O 14.Re1 Rc7 15.Nc3 Re8 16.Nd2 f6 17.f4 f5 18.g4 Bh4 19.gxf5
Bxe1 20.Qxe1 exf5 21.Bxf5 Nf8 22.Qg3 g6 23.Rf1 Bxf1 24.Kxf1 Rg7 0-1

[Event "FIDE Open 2012"]
[Site "Voronezh (Russia)"]
[Date "2012.06.17"]
[Round "6.12"]
[White "Polyansky, Viktor"]
[Black "Pavlov, Nikolay"]
[Result "1/2-1/2"]
[WhiteElo "2009"]
[BlackElo "2087"]
[Annotator ""]
[Source ""]
[Remark ""]

1.e4 c5 2.Nf3 e6 3.d4 cxd4 4.Nxd4 Nc6 5.Nc3 Qc7 6.Be2 a6 7.O-O
Nf6 8.Be3 Bb4 9.Nxc6 bxc6 10.Bd3 d5 11.Qf3 Bd6 12.h3 Rb8 13.Rab1
O-O 14.Rfe1 Bb7 15.Bg5 Nd7 16.Qh5 Ne5 17.exd5 Nxd3 18.cxd3 cxd5
19.Rbc1 Qd7 20.d4 a5 21.Qg4 Kh8 22.Bf4 Bc6 23.b3 Rbc8 24.Be5
Bxe5 25.Rxe5 Rc7 26.Re3 Qd6 27.Rg3 Rg8 28.Re1 Re7 29.Ne2 Bd7
30.Qh5 e5 31.Rc1 Bb5 32.Nc3 Bc6 33.dxe5 Rxe5 34.Qxf7 d4 35.Na4
d3 36.Rxd3 Qxd3 37.Rxc6 Re1+ 38.Kh2 Qd1 39.Re6 Qd5 40.Qxg8+ Kxg8
41.Rxe1 Qd2 42.Re3 1/2-1/2

[Event "FIDE Open 2012"]
[Site "Voronezh (Russia)"]
[Date "2012.06.17"]
[Round "6.13"]
[White "Kiselev, Alexander S."]
[Black "Grachev, Andrey"]
[Result "0-1"]
[WhiteElo "2236"]
[BlackElo "1996"]
[Annotator ""]
[Source ""]
[Remark ""]

1.e4 e6 2.d4 d5 3.Nc3 Bb4 4.e5 c5 5.a3 Bxc3+ 6.bxc3 Ne7 7.Qg4
Nbc6 8.Qxg7 Rg8 9.Qxh7 cxd4 10.f4 Qc7 11.Ne2 dxc3 12.Qd3 d4 13.g3
Bd7 14.Bg2 O-O-O 15.O-O Nf5 16.Be4 Nce7 17.Rd1 Bc6 18.a4 Bd5
19.Rb1 Qc6 20.Bxd5 Nxd5 21.Qb5 Qc7 22.Ba3 Nde3 23.Bd6 Nxd6 24.exd6
Rxd6 25.Rxd4 Rb6 26.Qxb6 axb6 27.Rd3 0-1

[Event "FIDE Open 2012"]
[Site "Voronezh (Russia)"]
[Date "2012.06.17"]
[Round "6.14"]
[White "Kiselev, Maxim"]
[Black "Popov, Kirill"]
[Result "1/2-1/2"]
[WhiteElo "2187"]
[BlackElo "1983"]
[Annotator ""]
[Source ""]
[Remark ""]

1.e4 e6 2.d4 d5 3.Bd3 dxe4 4.Bxe4 Nf6 5.Bf3 c5 6.Ne2 Nc6 7.Be3
Nd5 8.Bxd5 Qxd5 9.Nf4 Qf5 10.dxc5 Bxc5 11.Bxc5 Qxc5 12.O-O O-O
13.Nd3 Qd4 14.Nd2 b6 15.Nf3 Qf6 16.Re1 Rd8 17.Qc1 Bb7 18.Qe3
Nd4 19.Nxd4 Qxd4 20.Qxd4 Rxd4 21.Rad1 Rad8 22.f3 Ba6 23.Nf2 Rxd1
24.Rxd1 Rxd1+ 25.Nxd1 Kf8 26.Kf2 Ke7 27.Ke3 Kd6 28.Nf2 f6 29.b3
f5 30.g3 e5 31.a4 g5 32.c4 Bb7 33.f4 gxf4+ 34.gxf4 exf4+ 35.Kd4
a5 36.Nd3 f3 37.Nf2 Bc6 38.Nd3 Ba8 39.Nf2 Bb7 40.Nd3 1/2-1/2

[Event "FIDE Open 2012"]
[Site "Voronezh (Russia)"]
[Date "2012.06.17"]
[Round "6.15"]
[White "Magrifin, Iljanor"]
[Black "Mokshin, Maksim"]
[Result "1/2-1/2"]
[WhiteElo "2115"]
[BlackElo "1948"]
[Annotator ""]
[Source ""]
[Remark ""]

1.e4 c5 2.Nf3 e6 3.d3 d6 4.g3 g6 5.Bg2 Bg7 6.O-O Nc6 7.c3 Nge7
8.Be3 O-O 9.Nbd2 h6 10.d4 cxd4 11.Nxd4 Nxd4 12.Bxd4 e5 13.Be3
Be6 14.c4 f5 15.f3 Rc8 16.b3 Qd7 17.Bxa7 b5 18.Be3 bxc4 19.Nxc4
Bxc4 20.bxc4 Rxc4 21.Qb3 Qa4 22.Rfc1 Qxb3 23.axb3 Rxc1+ 24.Rxc1
Rb8 25.Bf1 Kh7 26.Bc4 fxe4 27.fxe4 Nc6 28.Kg2 h5 29.Rf1 Na5 30.Bd5
Rb5 31.Rf7 {%07-2079978491} Nxb3 32.Bg5 Kh8 33.Rd7 Rb8 34.Rxd6
Nd4 35.h4 Rb2+ 36.Kf1 Rb1+ 37.Kf2 Rb2+ 38.Ke1 Nf3+ 39.Kd1 Nxg5
40.hxg5 Rg2 41.g4 h4 42.Rd8+ Kh7 43.Bg8+ Kh8 44.Bd5+ 1/2-1/2

[Event "FIDE Open 2012"]
[Site "Voronezh (Russia)"]
[Date "2012.06.17"]
[Round "6.16"]
[White "Titorenko, Irina"]
[Black "Bargandzhiya, Zaza"]
[Result "1-0"]
[WhiteElo "1988"]
[BlackElo "2070"]
[Annotator ""]
[Source ""]
[Remark ""]

1.c4 e5 2.Nc3 Nc6 3.d3 g6 4.Nf3 Bg7 5.Bg5 f6 6.Bd2 Nge7 7.e4
O-O 8.Qc1 d6 9.Bh6 Bg4 10.Be2 Bxf3 11.Bxf3 Nd4 12.Bxg7 Nxf3+
13.gxf3 Kxg7 14.f4 Qd7 15.f5 g5 16.h4 h6 17.Qe3 Rh8 18.O-O-O
c5 19.Rdg1 Rhg8 20.f4 exf4 21.Qxf4 Kf7 22.Qf3 a6 23.Nd5 Nxd5
24.exd5 gxh4 25.Re1 Rg5 26.Re6 Rag8 27.Rhe1 Qa4 28.Re7+ Kf8 29.Qe4
Qxa2 1-0

[Event "FIDE Open 2012"]
[Site "Voronezh (Russia)"]
[Date "2012.06.17"]
[Round "6.17"]
[White "Alieva, Alexandra"]
[Black "Kozhevnikov, Ivan"]
[Result "1-0"]
[WhiteElo "1970"]
[BlackElo "2068"]
[Annotator ""]
[Source ""]
[Remark ""]

1.e4 e5 2.Nf3 Nc6 3.Bc4 Bc5 4.c3 Nf6 5.d4 exd4 6.e5 d5 7.Bb5
Ne4 8.cxd4 Bb6 9.Be3 O-O 10.Nc3 f5 11.Qc2 f4 12.Bxc6 Nxc3 13.bxc3
fxe3 14.Bb5 Bg4 15.fxe3 Bxf3 16.gxf3 Rxf3 17.O-O-O Qg5 18.Bd3
Qxe3+ 19.Kb1 Rf2 20.Bxh7+ Kh8 21.Qd3 Qh6 22.Bf5 Rf8 23.Bg4 Qh4
24.h3 c6 25.Rhf1 Bd8 26.Rxf2 Qxf2 27.Be2 Qh4 28.Bg4 Be7 29.Rf1
Rxf1+ 30.Qxf1 Qg3 31.Qf5 Qe1+ 32.Kc2 Qe4+ 33.Qxe4 dxe4 34.Bc8
b6 35.Bb7 Bg5 36.Bxc6 e3 37.Kd3 Kg8 38.Kc4 a6 1-0

[Event "FIDE Open 2012"]
[Site "Voronezh (Russia)"]
[Date "2012.06.17"]
[Round "6.18"]
[White "Khazieva, Elza"]
[Black "Dyakonova, Ekaterina"]
[Result "1-0"]
[WhiteElo "2068"]
[BlackElo "1919"]
[Annotator ""]
[Source ""]
[Remark ""]

1.Nf3 Nf6 2.c4 b6 3.e3 Bb7 4.Be2 c5 5.b3 e6 6.Bb2 Be7 7.O-O O-O
8.d3 d5 9.Ne5 Nc6 10.f4 a6 11.Nd2 Nd7 12.Ndf3 Ndxe5 13.fxe5 Qc7
14.d4 Rad8 15.Qe1 a5 16.Rc1 Qb8 17.Bd3 dxc4 18.bxc4 Qa8 19.a3
f5 20.d5 exd5 21.cxd5 Rxd5 22.Bc4 Na7 23.Nh4 Bxh4 24.Qxh4 Kh8
25.Bxd5 Bxd5 26.Qg5 Be6 27.Rcd1 Qc8 28.Rd6 Nc6 29.e4 g6 30.exf5
gxf5 31.Qh6 Re8 32.Rf3 b5 33.Qf6+ 1-0

[Event "FIDE Open 2012"]
[Site "Voronezh (Russia)"]
[Date "2012.06.17"]
[Round "6.19"]
[White "Gataullin, Artur"]
[Black "Zhileykin, Andrey"]
[Result "0-1"]
[WhiteElo "2064"]
[BlackElo "1889"]
[Annotator ""]
[Source ""]
[Remark ""]

1.e4 e5 2.Nf3 Nf6 3.Nc3 d6 4.d4 Nbd7 5.dxe5 dxe5 6.Bc4 Be7 7.O-O
O-O 8.Bb3 c6 9.h3 b5 10.a4 b4 11.Nb1 Qc7 12.Re1 Ba6 13.Bg5 Rad8
14.Qc1 h6 15.Bxh6 gxh6 16.Qxh6 Nh7 17.Qg6+ Kh8 18.Bxf7 Qd6 19.Nbd2
Qf6 20.Qxf6+ Bxf6 21.Bc4 Bc8 22.Nb3 Nb6 23.Be2 Rg8 24.Kh2 Ng5
25.Nxg5 Bxg5 26.a5 Nd7 27.Bc4 Rgf8 28.f3 Rf6 29.Ra4 c5 30.Rd1
Re8 31.Bb5 Re7 32.Raa1 Rg7 33.Bxd7 Bxd7 34.Nxc5 Bf4+ 35.Kh1 Bxh3
36.Rd8+ Kh7 37.g4 Rh6 38.Kg1 Be3+ 0-1

[Event "FIDE Open 2012"]
[Site "Voronezh (Russia)"]
[Date "2012.06.17"]
[Round "6.20"]
[White "Gunchenko, Vadim"]
[Black "Kostitsina, Liubov"]
[Result "*"]
[WhiteElo "1893"]
[BlackElo "2053"]
[Annotator ""]
[Source ""]
[Remark ""]

1.d4 d5 2.c4 c6 3.Nc3 Nf6 4.Nf3 e6 5.Bg5 h6 6.Bh4 dxc4 7.e3 b5
8.a4 Bb4 9.Be2 Bb7 10.O-O a6 11.Ne5 Nbd7 12.f4 Qc7 13.Bf3 Rg8
14.axb5 axb5 15.Rxa8+ Bxa8 16.Nxb5 Qa5 17.Na3 c3 18.Nac4 Qa2
19.bxc3 Bxc3 20.Nd6+ Ke7 21.Nxd7 Kxd7 22.Nxf7 Rb8 23.Ne5+ Kc7
24.Qd3 Qd2 25.Qxd2 Bxd2 26.Nc4 Bb4 27.Bg3 Kd7 28.Ne5+ Ke7 29.Bxc6
Bd2 30.Bf2 Kd6 31.Bxa8 Rxa8 32.Nc4+ *

[Event "FIDE Open 2012"]
[Site "Voronezh (Russia)"]
[Date "2012.06.17"]
[Round "6.22"]
[White "Orekhov, Nikolai"]
[Black "Klimentov, Evgeny"]
[Result "1-0"]
[WhiteElo "2038"]
[BlackElo "1818"]
[Annotator ""]
[Source ""]
[Remark ""]

1.d4 Nf6 2.c4 g6 3.g3 Bg7 4.Bg2 d6 5.Nc3 O-O 6.Nf3 c5 7.O-O Nc6
8.d5 Na5 9.Nd2 e5 10.b3 Nh5 11.e4 Qe8 12.Bb2 b6 13.Qe2 f5 14.exf5
gxf5 15.Nb5 Qg6 16.Nxd6 Nxg3 17.fxg3 Qxd6 18.Rae1 e4 19.Bxg7
Kxg7 20.g4 fxg4 21.Rxf8 Qxf8 22.Nxe4 Bd7 23.Qb2+ Kg6 24.Rf1 Qe7
25.Rf6+ Kh5 26.Qd2 Qg7 27.Ng3+ 1-0

[Event "FIDE Open 2012"]
[Site "Voronezh (Russia)"]
[Date "2012.06.17"]
[Round "6.23"]
[White "Estrada, Victor"]
[Black "Markevich, Arseniy"]
[Result "1/2-1/2"]
[WhiteElo "1948"]
[BlackElo "2033"]
[Annotator ""]
[Source ""]
[Remark ""]

1.d4 d5 2.c4 c6 3.Nf3 Nf6 4.Nc3 dxc4 5.a4 Bg4 6.e3 e5 7.dxe5
Qxd1+ 8.Kxd1 Nfd7 9.Bxc4 Nxe5 10.Be2 Nxf3 11.Bxf3 Bxf3+ 12.gxf3
Na6 13.Ke2 Nc5 14.Bd2 Nb3 15.Rad1 Nxd2 16.Rxd2 Rd8 17.Rhd1 Rxd2+
18.Rxd2 Bb4 19.Rd1 Ke7 20.Ne4 f5 21.Ng3 g6 22.f4 h5 23.f3 Bd6
24.Kf2 a5 25.Ne2 Bc5 26.Nc3 h4 27.h3 b5 28.axb5 cxb5 29.Rd5 Rc8
30.Nxb5 Bb4 31.Nd4 Rc1 32.b3 Rb1 33.Nc6+ Kf6 34.Nxb4 axb4 35.Rd6+
Kf7 36.Rd3 Rb2+ 37.Kg1 Rb1+ 38.Kg2 Rb2+ 39.Kg1 Rb1+ 40.Kg2 Rb2+
41.Kg1 1/2-1/2

[Event "FIDE Open 2012"]
[Site "Voronezh (Russia)"]
[Date "2012.06.17"]
[Round "6.24"]
[White "Karavaeva, Nadezhda"]
[Black "Shuvalova, Polina"]
[Result "1-0"]
[WhiteElo "2027"]
[BlackElo "1702"]
[Annotator ""]
[Source ""]
[Remark ""]

1.e4 c5 2.Nf3 g6 3.d4 cxd4 4.Nxd4 Bg7 5.c4 Nc6 6.Be3 Nf6 7.Nc3
Ng4 8.Qxg4 Nxd4 9.Qd1 Ne6 10.Rc1 Qa5 11.a3 g5 12.h4 h6 13.g3
b6 14.Qd5 Rb8 15.Bg2 g4 16.O-O Ba6 17.Rfd1 Qxd5 18.cxd5 Nc5 19.Bxc5
bxc5 20.d6 e6 21.Na4 c4 22.Nc5 Bb5 23.a4 Bc6 24.Rxc4 Rxb2 25.e5
a5 26.Bxc6 dxc6 27.Nd3 Rb6 28.Rxg4 Rg8 29.Rc4 Kd7 30.Nc5+ Kd8
31.f4 h5 32.Kf2 Rb2+ 33.Kf3 Bh8 34.Rd3 Rg4 35.Rcc3 Rb4 36.Rb3 1-0

[Event "FIDE Open 2012"]
[Site "Voronezh (Russia)"]
[Date "2012.06.17"]
[Round "6.25"]
[White "Testova, Victoria"]
[Black "Kalinin, Nikita"]
[Result "0-1"]
[WhiteElo "1993"]
[BlackElo "2199"]
[Annotator ""]
[Source ""]
[Remark ""]

1.e4 c5 2.Nf3 e6 3.d3 Nf6 4.Nbd2 Nc6 5.g3 b6 6.Bg2 Bb7 7.O-O
d6 8.Re1 e5 9.Nf1 Be7 10.c3 O-O 11.Ne3 Re8 12.Nf5 Bf8 13.Bg5
Bc8 14.d4 exd4 15.cxd4 Bxf5 16.exf5 Rxe1+ 17.Qxe1 Qd7 18.dxc5
bxc5 19.Bxf6 gxf6 20.Qc3 Rb8 21.Qxf6 Bg7 22.Qg5 h6 23.Qf4 Rxb2
24.Rd1 Nd4 25.Nxd4 Bxd4 26.Qxh6 Qxf5 0-1

[Event "FIDE Open 2012"]
[Site "Voronezh (Russia)"]
[Date "2012.06.17"]
[Round "6.26"]
[White "Nazarov, Ilya"]
[Black "Kasantsev, Anatolij B."]
[Result "1/2-1/2"]
[WhiteElo "1986"]
[BlackElo "2080"]
[Annotator ""]
[Source ""]
[Remark ""]

1.b4 d5 2.Bb2 e6 3.Nf3 Nf6 4.a3 c5 5.bxc5 Bxc5 6.e3 O-O 7.Be2
Nc6 8.O-O d4 9.exd4 Nxd4 10.Nxd4 Bxd4 11.c3 Bb6 12.d4 Bd7 13.Bf3
Bb5 14.Re1 Qd7 15.Nd2 Rac8 16.Rc1 Rfd8 17.Nf1 Nd5 18.Ne3 Nf4
19.Be4 Bc6 20.Ng4 Bxe4 21.Rxe4 Bc7 22.Qd2 Ng6 23.Ree1 f5 24.Ne3
f4 25.Nf1 e5 26.Qe2 Qf5 27.Nd2 Re8 28.Ne4 f3 29.Qxf3 Qxf3 30.gxf3
Nh4 31.Nd2 exd4 32.cxd4 Rxe1+ 33.Rxe1 Ba5 34.Re4 g5 35.Nb3 Bc3
36.Bc1 Bxd4 37.Bxg5 Nxf3+ 38.Kg2 Nxg5 39.Rxd4 Ne6 40.Re4 Kf7
41.Nd2 Rc3 42.a4 Nc5 43.Rf4+ Kg7 44.Nf3 Ra3 45.Rg4+ Kf6 46.Rh4
Rxa4 47.Rxh7 Rg4+ 48.Kf1 a5 49.Rh5 b6 50.h3 Rb4 51.Rh7 1/2-1/2

[Event "FIDE Open 2012"]
[Site "Voronezh (Russia)"]
[Date "2012.06.17"]
[Round "6.27"]
[White "Matveenko, Yury"]
[Black "Artemov, Nikita"]
[Result "1-0"]
[WhiteElo "2077"]
[BlackElo "2008"]
[Annotator ""]
[Source ""]
[Remark ""]

1.Nf3 f5 2.g3 Nf6 3.Bg2 d6 4.d4 c6 5.c4 Qc7 6.O-O e5 7.Nc3 Be7
8.Qb3 Be6 9.dxe5 dxe5 10.Nxe5 Qxe5 11.Qxb7 O-O 12.Qxa8 Bxc4 13.Bf4
Qe6 14.Qxa7 Nbd7 15.Qe3 Qf7 16.Bxc6 Ng4 17.Qd2 Ndf6 18.h3 Qh5
19.Kg2 Nh6 20.Nd5 1-0

[Event "FIDE Open 2012"]
[Site "Voronezh (Russia)"]
[Date "2012.06.17"]
[Round "6.31"]
[White "Kozlov, Sergej A."]
[Black "Aseeva, Anastasia"]
[Result "1/2-1/2"]
[WhiteElo "1784"]
[BlackElo "2010"]
[Annotator ""]
[Source ""]
[Remark ""]

1.d4 Nf6 2.c4 e6 3.Nf3 Bb4+ 4.Bd2 Qe7 5.g3 b6 6.Bg2 Bb7 7.O-O
Bxd2 8.Qxd2 O-O 9.Nc3 d5 10.cxd5 exd5 11.Nh4 Qe6 12.b4 Rc8 13.Rab1
a5 14.b5 Nbd7 15.Rfc1 c5 16.bxc6 Bxc6 17.e3 Rab8 18.Nb5 Bxb5
19.Rxb5 Rc6 20.Rb2 Rbc8 21.Rbc2 g6 22.a4 Nb8 23.Nf3 Ne4 24.Qd3
f6 25.Nd2 f5 26.Rxc6 Rxc6 27.Rxc6 Qxc6 28.Nxe4 fxe4 29.Qb3 Kg7
30.Bf1 Nd7 31.h3 Nf6 32.Bb5 Qc7 33.Kg2 g5 34.Be2 h6 35.Qb5 Kf7
36.Bd1 Ke6 37.Be2 Kd6 38.Bd1 Qc6 39.Be2 Qxb5 40.Bxb5 Ng8 1/2-1/2

[Event "FIDE Open 2012"]
[Site "Voronezh (Russia)"]
[Date "2012.06.17"]
[Round "6.32"]
[White "Maksimov, Dmitri"]
[Black "Belov, Yury"]
[Result "1-0"]
[WhiteElo "2007"]
[BlackElo "1783"]
[Annotator ""]
[Source ""]
[Remark ""]

1.e4 c5 2.c3 e6 3.d4 a6 4.Nf3 Be7 5.Bd3 b5 6.O-O Bb7 7.e5 g5
8.Nbd2 g4 9.Ne1 h5 10.Ne4 c4 11.Bc2 Qc7 12.f3 d5 13.Nd6+ Bxd6
14.exd6 Qxd6 15.fxg4 Nd7 16.g5 Ne7 17.Bf4 Qc6 18.Nf3 O-O-O 19.Ne5
Nxe5 20.Bxe5 Rhg8 21.Rxf7 Qe8 22.Qxh5 Rd7 23.Qh7 Bc6 24.Raf1
Nf5 25.Bxf5 Rxf7 26.Bxe6+ Qxe6 27.Rxf7 Qg6 28.Rc7+ Kb8 29.Rc8+ 1-0

[Event "FIDE Open 2012"]
[Site "Voronezh (Russia)"]
[Date "2012.06.17"]
[Round "6.33"]
[White "Voronin, Maxim"]
[Black "Grigorjev, Iljya"]
[Result "0-1"]
[WhiteElo "1772"]
[BlackElo "1987"]
[Annotator ""]
[Source ""]
[Remark ""]

1.e4 e5 2.Nf3 Nc6 3.Bc4 Bc5 4.b4 Bxb4 5.c3 Ba5 6.d4 exd4 7.O-O
Nge7 8.cxd4 d5 9.exd5 Nxd5 10.Qb3 Be6 11.Qxb7 Ndb4 12.Bb5 O-O
13.Bxc6 Rb8 14.Qxa7 Nxc6 15.Qc5 Bd5 16.Ne5 Bb6 17.Qc2 Nxd4 18.Qd3
Ba8 19.Rd1 Qd5 20.Nf3 Nxf3+ 21.gxf3 Qxf3 22.Qxf3 Bxf3 23.Rd3
Be4 24.Rb3 Bd4 25.Nd2 Bxa1 0-1